01559 a2200217 4500003000500000005001700005010001700022020002800039040000900067082001500076100001700091245004800108250001200156260003400168300003600202505085100238650003501089650003401124856009101158856009201249Nust20230221154247.0 a 2003060457 a0387201564 (alk. paper) cNust00a621.34,IDA1 aIda, Nathan.10aEngineering electromagnetics /cNathan Ida. a2nd ed. aNew York :bSpringer,cc2004. axvii, 1235 p. :bill. ;c25 cm. aVector Algebra (Page-1), Vector Calculus (Page-57), Coulomb's Law And The Electric Field (Page-121), Gauss's Law And The Electric Potential (Page-173), Boundary Value Problems : Analytic Methods Of Solution (Page-281), Boundary Value Problems : Numerical (Approximate) Methods (Page-351), The Steady Electric Current (Page-415), The Static Magnetic Field (Page-469), Magnetic Materials And Properties (Page-523), Faraday's Law And Induction (Page-629), Maxwell's Equations (Page-687), Electromagnetic Waves And Propagation (Page-725), Reflection And Transmission Of Plane Waves (Page-807), Theory Of Transmission Lines (Page-877), The Smith Chart, Impedance Matching, And Transmission Line Circuits (Page-955), Transients On Transmission Lines (Page-999), Waveguides And Resonators (Page-1043), Antennas And Electromagnetic Radiation (Page-1121). 0aElectromagnetismxMathematics. 0aTelecommunication Engineering423Publisher descriptionuhttp://www.loc.gov/catdir/enhancements/fy0823/2003060457-d.html423Table of contents onlyuhttp://www.loc.gov/catdir/enhancements/fy0823/2003060457-t.html